KOHA-Header-6

Pakistan Economic Survey 1998-99 (Record no. 6932)

000 -LEADER
fixed length control field 00278nam a2200109Ia 4500
100 ## - MAIN ENTRY--AUTHOR NAME
Personal name Govt Finance Division
245 #0 - TITLE STATEMENT
Title Pakistan Economic Survey 1998-99
260 ## - PUBLICATION, DISTRIBUTION, ETC. (IMPRINT)
Place of publication Islamabad
Name of publisher Royal Book
Year of publication 2004
300 ## - PHYSICAL DESCRIPTION
Number of Pages 132
942 ## - ADDED ENTRY ELEMENTS (KOHA)
Koha item type Books
Holdings
Withdrawn status Lost status Collection code Permanent Location Current Location Shelving location Date acquired Full call number Accession Number Koha item type
    Economics MAJU MAJU Shelf No.A48 2019-09-11 331.12 461 Economics

Powered by Koha